Kraje Unii Europejskiej z mapą - Statystyki

Ogólne statystyki
  • Ten quiz został rozwiązany 538 razy
  • Średni wynik to 17 z 27
Odpowiedzi na mapie
Odpowiedzi zakodowano w zielono-czerwonej skali na mapie do tego quizu, zgodnie z poniższymi procentami.
 
Statystyki odpowiedzi
Kraj % Poprawnych
Polska
94%
Niemcy
90%
Francja
83%
Hiszpania
83%
Włochy
77%
Czechy
76%
Portugalia
75%
Szwecja
69%
Słowacja
67%
Litwa
66%
Belgia
65%
Holandia
63%
Łotwa
62%
Finlandia
61%
Dania
60%
Estonia
59%
Austria
58%
Irlandia
58%
Węgry
56%
Grecja
53%
Chorwacja
52%
Rumunia
51%
Luksemburg
50%
Słowenia
50%
Bułgaria
38%
Malta
32%
Cypr
24%
Nie znaleziono quizów pasujących do podanych kryteriów
Rozkład punktacji
Procent ludzi z każdym wynikiem
Percentyl według liczby udzielonych odpowiedzi
Twoja historia wyników
Nie rozwiązałeś tego quizu